00697nam a2200241 a 4500001001300000003000900013005001700022008004100039020001000080082001600090100001700106245003100123260003400154300000900188500003500197505001000232650003300242700001700275902000800292942000700300952013100307999001700438nice12345678IN_TiNIC20260116015348.0100921s1969 lona grp 000 0 eng  ac10000a225.52bBAK aBaker, T G A aWhat Is the New Testament? aLondon bSCM Press Ltd c1969 a127p aincludes index and biblioraphy2 aIndex aNew Testament-Interpretation1 aBaker, T G A bSRS cBK 001040708StackRoom-aHMIbHMId2010-09-21g100.00l1o225.52 BAKp11001985r2017-07-28s2017-07-10v100.00w2010-09-21yBK c19395d19395